| 000 | 00609nam a22001457a 4500 | ||
|---|---|---|---|
| 003 | OSt | ||
| 005 | 20250228112219.0 | ||
| 008 | 250228b2015 dr a||||dip|| 001 0 spa d | ||
| 022 | _aONLINE: 2409-1553 | ||
| 040 |
_aCGID0032 _bspa _cCGID0032 _erda |
||
| 245 |
_aVol. 2 Núm. 1 (2015): Revie - Revista de Investigación y Evaluación Educativa _c Instituto Dominicano de Evaluación e Investigación de la Calidad Educativa (IDEICE) |
||
| 260 |
_aSanto Domingo : _b Instituto Dominicano de Evaluación e Investigación de la Calidad Educativa (IDEICE) _c2015 |
||
| 300 | _a73p. | ||
| 942 |
_2ddc _cREV _eVol. 2 Núm. 1 _n0 |
||
| 999 |
_c12512 _d12512 |
||